000 00458nam a2200181Ia 4500
008 170705s9999 xx 000 0 und d
020 _a9780439098601
245 _aBig red apple /
245 _cTony Johnston ; illustrated by Judith Hoffman Corwin.
260 _aNew York :
260 _bScholastic,
260 _c1999
300 _aunpaged :
300 _bcolor illustration ;
300 _c22cm.
440 _aScholastic reader.
500 _a110
999 _c335325
_d335325